Équipes des Ballons d'Or - Statistiques

Statistiques générales
  • Ce quiz a été pris 147 fois
  • Le résultat moyen est 14 sur 22
Statistiques - réponses
Joueurs Ballons d'Or Nationalité Équipe % Correct
6 8 Italie AC Milan
100%
6 12 Espagne FC Barcelone
100%
8 12 Espagne Real Madrid
100%
3 5 Allemagne Bayern Munich
98%
6 8 Italie Juventus
98%
4 4 Angleterre Manchester United
95%
2 2 Inter Inter Milan
91%
1 1 France Paris Saint-Germain
84%
1 1 Angleterre Liverpool FC
81%
1 1 Pays-Bas Ajax Amsterdam
79%
1 1 Angleterre Manchester City
77%
1 1 Portugal Benfica Lisbonne
74%
1 1 France Olympique de Marseille
67%
1 1 États-Unis Inter Miami
41%
1 2 Allemagne Hambourg SV
38%
1 1 Union soviétique Dynamo Moscou
37%
1 1 Allemagne Borussia Dortmund
33%
2 2 Union soviétique Dynamo Kiev
29%
1 1 Hongrie Ferencváros TC
19%
1 1 Allemagne Borussia Mönchengladbach
11%
1 1 Angleterre Blackpool FC
2%
1 1 République tchèque Dukla Prague
1%
Aucun quiz correspondant
Distribution des résultats
% des personnes avec chaque résultat
Percentile par nombre de réponses
Votre historique - résultats
Vous n’avez pas pris ce quiz